Marroquíes famosos por imagen - Estadísticas

Estadísticas generales
  • Esta prueba ha sido intentada 21 veces
  • La puntuación promedio es 4 de 16
Estadísticas de respuestas
Imagen Respuesta % Correcto
Achraf Hakimi
83%
Morad
78%
Yassine Bounou
72%
Nordin Amrabat
50%
Mohamed VI
39%
Munir El Haddadi
33%
Ilias Akhomach
17%
Ibn Battuta
11%
Pokimane
11%
RedOne
11%
Badr Hari
6%
French Montana
6%
Gad Elmaleh
6%
El Raisuli
0%
Hindi Zahra
0%
Nasser Saleh
0%
No se encontraron pruebas coincidentes
Distribución de puntuación
Porcentaje de gente con cada puntuación
Porcentaje por número respondido
Historial de tus puntuaciones
No has intentado esta prueba.